[Event "22nd Abu Dhabi Masters"]
[Site "Abu Dhabi UAE"]
[Date "2015.08.30"]
[Round "8.22"]
[White "Bulmaga,I"]
[Black "Horvath,Ad1"]
[Result "1-0"]
[WhiteTitle "IM"]
[BlackTitle "GM"]
[WhiteElo "2393"]
[BlackElo "2540"]
[WhiteFideId "13903063"]
[BlackFideId "708003"]
[EventDate "2015.08.23"]

1. e4 c5 2. Nf3 e6 3. d4 cxd4 4. Nxd4 Nc6 5. Nc3 Qc7 6. Be2 a6 7. O-O Nf6 8. Be3
Be7 9. f4 d6 10. Kh1 O-O 11. Qe1 Nxd4 12. Bxd4 b5 13. a3 Nd7 14. Qg3 Bf6 15.
Rad1 Bb7 16. Bxf6 Nxf6 17. Bd3 Rad8 18. Rde1 Nd7 19. Qh4 h6 20. Rf3 Rde8 21. Rg3
Kh8 22. Qg4 Rg8 23. Rh3 Nf6 24. Qg3 e5 25. f5 Qc5 26. Qg5 Nh7 27. Qd2 Qb6 28.
Rf1 Qd8 29. f6 Nxf6 30. Rxh6+ Nh7 31. Rh3 Rgf8 32. a4 bxa4 33. Bc4 Bc8 34. Rhf3
Be6 35. Nd5 Ng5 36. Re3 f5 37. exf5 Bxf5 38. Rfe1 Bc8 39. Rg3 Nh7 40. Qe2 Qh4
41. Bxa6 Bxa6 42. Qxa6 Rf5 43. Qd3 Ref8 44. Rg1 e4 45. Qc3 Re5 46. Rh3 Qg5 47.
Ne3 d5 48. Qb4 Rd8 49. c3 Kg8 50. Rf1 Rf8 51. Rxf8+ Nxf8 52. Rg3 Qf6 53. Kg1 Qh4
54. Qd4 Qh5 55. Nxd5 Nh7 56. Ne3 Nf6 57. Qd8+ Kf7 58. Qc7+ Re7 59. Qc4+ Re6 60.
Qxa4 Qe2 61. Qa7+ Re7 62. Rxg7+ Kxg7 63. Qxe7+ Kg6 64. Qc5 Qe1+ 65. Nf1 Ng4 66.
Qc6+ Kf5 67. Qd5+ Kg6 68. Qd2 Qa1 69. h3 Ne5 70. Qd6+ Kf5 71. g4+ Nxg4 72. hxg4+
Kxg4 73. Qg3+ Kf5 74. b4 Qb1 75. Qf2+ Ke5 76. Kg2 Qd1 77. Ne3 1-0

[Event "22nd Abu Dhabi Masters"]
[Site "Abu Dhabi UAE"]
[Date "2015.08.30"]
[Round "8.23"]
[White "Antonio,V"]
[Black "Pakleza,Z"]
[Result "0-1"]
[BlackTitle "GM"]
[WhiteElo "2255"]
[BlackElo "2520"]
[WhiteFideId "5027330"]
[BlackFideId "1119290"]
[EventDate "2015.08.23"]

1. e4 d6 2. d4 Nf6 3. Nc3 e5 4. Nf3 Nbd7 5. Bc4 Be7 6. O-O O-O 7. a4 a5 8. h3 c6
9. Re1 h6 10. Be3 Re8 11. Qd2 Bf8 12. Rad1 Qc7 13. Nh4 Nb6 14. Bb3 Be6 15. Bxe6
fxe6 16. Ng6 Nc4 17. Qe2 Nxe3 18. Qxe3 exd4 19. Qxd4 d5 20. e5 Nd7 21. Rd3 Qb6
22. Qg4 Qb4 23. Nf4 Re7 24. Rf3 Rae8 25. Qh5 Qxb2 26. Ng6 Qxc2 27. Nxe7+ Rxe7
28. Qg4 Re8 29. Qf4 Qg6 30. Ne2 Bb4 31. Rg3 Qf7 32. Rd1 Qh5 33. Rg4 Rf8 34. Ng3
Rxf4 35. Rxg7+ Kxg7 36. Nxh5+ Kf7 37. Nxf4 Nxe5 38. g4 c5 39. Kf1 c4 40. Ke2 Bc5
41. Nxd5 exd5 42. Rxd5 Nd3 43. Rd7+ Kf6 44. Rxb7 Nf4+ 0-1

[Event "22nd Abu Dhabi Masters"]
[Site "Abu Dhabi UAE"]
[Date "2015.08.30"]
[Round "8.24"]
[White "Severina,M"]
[Black "Sadzikowski,D"]
[Result "0-1"]
[WhiteTitle "WIM"]
[BlackTitle "IM"]
[WhiteElo "2276"]
[BlackElo "2480"]
[WhiteFideId "4116909"]
[BlackFideId "1132253"]
[EventDate "2015.08.23"]

1. d4 Nf6 2. Nf3 g6 3. c4 Bg7 4. g3 c5 5. Nc3 cxd4 6. Nxd4 O-O 7. Bg2 Qc7 8. Nd5
Nxd5 9. cxd5 Qa5+ 10. Bd2 Qb6 11. Bc3 d6 12. O-O a5 13. Qd2 a4 14. Rfc1 Na6 15.
Nf3 Bd7 16. Bxg7 Kxg7 17. h4 Rac8 18. Nd4 Qb4 19. Qxb4 Nxb4 20. a3 Na6 21. Kf1
h6 22. Ke1 g5 23. hxg5 hxg5 24. Rxc8 Rxc8 25. e3 Nc5 26. Rb1 Kf6 27. Kd2 Bf5 28.
Nxf5 Nb3+ 29. Kd3 Kxf5 30. Bh3+ g4 31. e4+ Kg5 32. f4+ Kf6 33. Bg2 b5 34. Rh1
Rc4 35. Rh6+ Kg7 36. Rh4 Nc5+ 37. Kd2 Nxe4+ 38. Bxe4 Rxe4 39. Rxg4+ Kf6 40. Rg5
Rd4+ 41. Kc2 Rc4+ 42. Kd3 Rc1 43. Kd2 Rc5 44. Kd3 e5 45. dxe6 Rxg5 46. fxg5+
Kxe6 47. Ke4 d5+ 48. Kf4 Kd6 49. Kf5 d4 50. Ke4 Kc5 0-1

[Event "22nd Abu Dhabi Masters"]
[Site "Abu Dhabi UAE"]
[Date "2015.08.30"]
[Round "8.25"]
[White "Pascua,H"]
[Black "Vignesh,N R"]
[Result "1-0"]
[WhiteTitle "IM"]
[WhiteElo "2447"]
[BlackElo "2430"]
[WhiteFideId "5203953"]
[BlackFideId "25012215"]
[EventDate "2015.08.23"]

1. d4 Nf6 2. c4 e6 3. Nc3 Bb4 4. f3 d5 5. a3 Bxc3+ 6. bxc3 c5 7. cxd5 Nxd5 8.
dxc5 Qa5 9. e4 Nf6 10. Be3 O-O 11. Qb3 Nfd7 12. Qb4 Qc7 13. a4 Nc6 14. Qa3 b6
15. Bb5 Nce5 16. Nh3 Nxc5 17. O-O Bd7 18. Bxc5 bxc5 19. Be2 Rab8 20. Nf2 Rfd8
21. Rfd1 Be8 22. f4 Nd7 23. Qc1 e5 24. f5 Nf6 25. Qe3 Rxd1+ 26. Bxd1 c4 27. g4
Nd7 28. g5 Rb2 29. Be2 Qc5 30. Qxc5 Nxc5 31. Bxc4 Nxa4 32. Nd3 Rb6 33. Nxe5 Kf8
34. Bxf7 Nxc3 35. Rxa7 Nxe4 36. Bxe8 Kxe8 37. Rxg7 Rb1+ 38. Kg2 Rb5 39. Rg8+ Ke7
40. f6+ Nxf6 41. gxf6+ Kxf6 42. Nf3 1-0

[Event "22nd Abu Dhabi Masters"]
[Site "Abu Dhabi UAE"]
[Date "2015.08.30"]
[Round "8.26"]
[White "Mansour,Sam"]
[Black "Predke,A"]
[Result "0-1"]
[WhiteTitle "FM"]
[WhiteElo "2292"]
[BlackElo "2548"]
[WhiteFideId "8100144"]
[BlackFideId "24107581"]
[EventDate "2015.08.23"]

1. Nf3 Nf6 2. c4 g6 3. Nc3 Bg7 4. g3 d6 5. Bg2 O-O 6. O-O e5 7. d4 Nbd7 8. e4
Re8 9. h3 exd4 10. Nxd4 Nc5 11. Re1 a5 12. Rb1 Nfd7 13. Be3 Ne5 14. Bf1 Ne6 15.
Ndb5 f5 16. exf5 gxf5 17. f4 Nf7 18. Qd2 c6 19. Nd4 Nc5 20. Bg2 Bd7 21. Bf2 Qf6
22. Kh2 a4 23. Rxe8+ Rxe8 24. Qc2 h5 25. Nf3 a3 26. Bd4 Qe6 27. Bxg7 Kxg7 28. b4
Ne4 29. Nxe4 fxe4 30. Qc3+ Qf6 31. Qxf6+ Kxf6 32. Nd4 Nh6 33. Re1 Nf5 34. Nc2
Rg8 35. Bxe4 Nxg3 36. Bg2 Nf5 37. Rd1 Re8 38. Bf3 Ne3 39. Nxe3 Rxe3 40. Kg3 Bxh3
41. Kxh3 Rxf3+ 42. Kg2 Rxf4 43. Rxd6+ Ke5 44. Rd7 Rxc4 45. Rxb7 Rc2+ 46. Kf3
Rxa2 47. b5 c5 0-1

[Event "22nd Abu Dhabi Masters"]
[Site "Abu Dhabi UAE"]
[Date "2015.08.30"]
[Round "8.27"]
[White "Vakhidov,J"]
[Black "Oganisjn,R"]
[Result "1-0"]
[WhiteTitle "GM"]
[BlackTitle "FM"]
[WhiteElo "2525"]
[BlackElo "2328"]
[WhiteFideId "14201801"]
[BlackFideId "4153006"]
[EventDate "2015.08.23"]

1. c4 Nf6 2. Nc3 g6 3. g3 Bg7 4. Bg2 O-O 5. d4 d6 6. Nf3 Nc6 7. O-O Bf5 8. Ne1
Qd7 9. e4 Bh3 10. Nc2 Bxg2 11. Kxg2 a6 12. Qe2 e5 13. dxe5 Nxe5 14. f3 Rae8 15.
Be3 b6 16. Rad1 Qc6 17. b3 Qb7 18. h3 Nfd7 19. Qd2 Nc5 20. Nd5 a5 21. Bh6 f6 22.
Bxg7 Kxg7 23. Nce3 h5 24. Qc3 Ned7 25. Kh2 Ne6 26. Ng2 Qc8 27. Rfe1 Ng5 28. h4
Nh7 29. Ngf4 Ne5 30. Kg2 Kh6 31. Nh3 Rf7 32. a3 g5 33. Ne3 Kg7 34. Nf5+ Kf8 35.
Nf2 Re6 36. Rh1 g4 37. f4 Nf3 38. Rd5 Qe8 39. Rhd1 Rd7 40. b4 axb4 41. axb4 Rxe4
42. Nxe4 Qxe4 43. Kf2 Ne5 44. fxe5 Qxf5+ 45. Kg1 Qe6 46. exd6 Rxd6 47. Rxd6 cxd6
48. Re1 Qf5 49. Qe3 1-0

[Event "22nd Abu Dhabi Masters"]
[Site "Abu Dhabi UAE"]
[Date "2015.08.30"]
[Round "8.28"]
[White "Bashirli,Nail"]
[Black "Ezat,M"]
[Result "1/2-1/2"]
[WhiteTitle "FM"]
[BlackTitle "IM"]
[WhiteElo "2235"]
[BlackElo "2476"]
[WhiteFideId "13406809"]
[BlackFideId "10600906"]
[EventDate "2015.08.23"]

1. e4 c6 2. d4 d5 3. Nc3 dxe4 4. Nxe4 Bf5 5. Ng3 Bg6 6. h4 h6 7. Nf3 Nd7 8. h5
Bh7 9. Bd3 Bxd3 10. Qxd3 e6 11. Bd2 Ngf6 12. O-O-O Be7 13. Kb1 O-O 14. Ne4 Nxe4
15. Qxe4 Nf6 16. Qe2 Qd5 17. Ne5 Qe4 18. Qxe4 Nxe4 19. Be1 Rfd8 20. f3 Nf6 21.
g4 Nd7 22. Ba5 Nb6 23. c4 Re8 24. b3 Bd8 25. Rhg1 Bg5 26. Rgf1 Bf4 27. Nd3 Bc7
28. Nc5 Re7 29. Kc2 Rb8 30. Rfe1 Bg3 31. Re2 Nc8 32. Ne4 Bf4 33. Bb4 Re8 34. Nc5
Bd6 35. Bc3 b5 36. Ne4 Bf4 37. d5 cxd5 38. cxd5 Nb6 39. d6 Nd5 40. Ba5 Ne3+ 41.
Rxe3 Bxe3 42. d7 Red8 43. Bxd8 Rxd8 44. Rd3 Bb6 45. Nc3 b4 46. Na4 Bf2 47. Rd2
Be3 48. Rd3 Bf2 49. Rd2 Be3 50. Rd3 Bf2 51. Nb2 Kf8 52. Nc4 Ke7 53. Nb2 Kf8 54.
Nc4 Bg3 55. Na5 Bf2 56. Nc4 Kg8 57. Nb2 e5 58. Nc4 Bd4 59. Nb2 Bf2 60. Rd5 f6
61. Na4 1/2-1/2

[Event "22nd Abu Dhabi Masters"]
[Site "Abu Dhabi UAE"]
[Date "2015.08.30"]
[Round "8.29"]
[White "Berescu,A"]
[Black "Asadli,Vugar"]
[Result "1-0"]
[WhiteTitle "GM"]
[BlackTitle "CM"]
[WhiteElo "2464"]
[BlackElo "2324"]
[WhiteFideId "1204920"]
[BlackFideId "13405764"]
[EventDate "2015.08.23"]

1. d4 g6 2. e4 Bg7 3. Nc3 d6 4. f4 a6 5. Nf3 b5 6. Bd3 Nd7 7. e5 c5 8. Ng5 Nh6
9. Qf3 cxd4 10. Nxb5 Nb6 11. Nxd4 O-O 12. Be4 dxe5 13. Nc6 Qc7 14. Nxe5 f6 15.
Qb3+ e6 16. Nxe6 Bxe6 17. Qxe6+ Kh8 18. Bxa8 Nf5 19. Nf3 Nxa8 20. O-O Qxc2 21.
Qxa6 Nc7 22. Qa5 Ne6 23. Qc3 Qe4 24. Re1 Qd5 25. Qb3 Qc5+ 26. Be3 Qd5 1-0

[Event "22nd Abu Dhabi Masters"]
[Site "Abu Dhabi UAE"]
[Date "2015.08.30"]
[Round "8.30"]
[White "Sagar,S"]
[Black "Mahdavirad,M"]
[Result "1-0"]
[WhiteTitle "IM"]
[BlackTitle "FM"]
[WhiteElo "2456"]
[BlackElo "2271"]
[WhiteFideId "5022509"]
[BlackFideId "12502669"]
[EventDate "2015.08.23"]

1. c4 c5 2. Nf3 Nc6 3. Nc3 g6 4. e3 Bg7 5. d4 Nf6 6. d5 Na5 7. Bd3 d6 8. h3 O-O
9. O-O e6 10. e4 a6 11. a3 exd5 12. exd5 Ne8 13. Bg5 Qc7 14. Re1 f6 15. Bf4 b6
16. Qc2 Nb7 17. Re3 Nd8 18. Rae1 Bd7 19. h4 Nf7 20. h5 f5 21. hxg6 hxg6 22. g4
fxg4 23. Nh4 Nh8 24. Bg3 Nf6 25. Nxg6 Rfe8 26. Ne7+ Kf8 27. Bg6 Red8 28. Bf5 Be8
29. Ne2 Bf7 30. Nf4 Re8 31. Ne6+ Bxe6 32. Rxe6 Rad8 33. Bh4 1-0

[Event "22nd Abu Dhabi Masters"]
[Site "Abu Dhabi UAE"]
[Date "2015.08.30"]
[Round "8.31"]
[White "Swathi,G"]
[Black "Ris,R"]
[Result "1-0"]
[WhiteTitle "WGM"]
[BlackTitle "IM"]
[WhiteElo "2214"]
[BlackElo "2449"]
[WhiteFideId "5003474"]
[BlackFideId "1011480"]
[EventDate "2015.08.23"]

1. e4 e5 2. Nf3 Nc6 3. Bb5 a6 4. Ba4 Nf6 5. O-O Be7 6. d3 d6 7. c3 O-O 8. Nbd2
Re8 9. h3 Bf8 10. Re1 b5 11. Bc2 d5 12. Qe2 h6 13. Nb3 Be6 14. Be3 Qd7 15. Nc5
Bxc5 16. Bxc5 d4 17. cxd4 exd4 18. Nd2 Bxh3 19. gxh3 Re5 20. b4 Rg5+ 21. Kh2 Rh5
22. Qf1 Ne5 23. f4 Neg4+ 24. Kg3 a5 25. Nf3 Ne3 26. Rxe3 dxe3 27. Bxe3 axb4 28.
Ne5 Qd6 29. Bb3 Rf8 30. Rc1 g5 31. Rc6 gxf4+ 32. Bxf4 Qd8 33. Kh2 Kh7 34. Bg3
Ng8 35. Nxf7 Ne7 36. Rxc7 1-0

[Event "22nd Abu Dhabi Masters"]
[Site "Abu Dhabi UAE"]
[Date "2015.08.30"]
[Round "8.32"]
[White "Karavade,E"]
[Black "Zozek,S"]
[Result "1/2-1/2"]
[WhiteTitle "IM"]
[BlackTitle "FM"]
[WhiteElo "2409"]
[BlackElo "2225"]
[WhiteFideId "5012600"]
[BlackFideId "4803361"]
[EventDate "2015.08.23"]

1. d4 d5 2. c4 c6 3. Nc3 Nf6 4. e3 e6 5. Nf3 Nbd7 6. Qc2 Bd6 7. Be2 O-O 8. O-O
dxc4 9. Bxc4 e5 10. Bb3 Qe7 11. h3 h6 12. Nh4 Rd8 13. Nf5 Qf8 14. Nxd6 Qxd6 15.
Rd1 exd4 16. Rxd4 Qe7 17. Qd1 Re8 18. e4 Nc5 19. Bc2 Ne6 20. Rd6 Nc5 21. Qd4
Ncxe4 22. Nxe4 Nxe4 23. Bxh6 gxh6 24. Rxh6 Qe5 25. Qxe5 Rxe5 26. Re1 Bf5 27. f3
Rae8 1/2-1/2

[Event "22nd Abu Dhabi Masters"]
[Site "Abu Dhabi UAE"]
[Date "2015.08.30"]
[Round "8.33"]
[White "Asgarizadeh,A"]
[Black "Voiteanu,G"]
[Result "1-0"]
[WhiteTitle "IM"]
[BlackTitle "FM"]
[WhiteElo "2407"]
[BlackElo "2182"]
[WhiteFideId "12505684"]
[BlackFideId "1208810"]
[EventDate "2015.08.23"]

1. e4 e5 2. Nf3 Nf6 3. Nxe5 d6 4. Nf3 Nxe4 5. Nc3 Nxc3 6. dxc3 Be7 7. Be3 Nc6 8.
Qd2 Ne5 9. Be2 Nxf3+ 10. Bxf3 Bf6 11. O-O-O O-O 12. g4 h6 13. Kb1 Bg5 14. Bxg5
Qxg5 15. Qxg5 hxg5 16. h4 gxh4 17. Rxh4 Re8 18. Rdh1 Kf8 19. Rh8+ Ke7 20. Rxe8+
Kxe8 21. Rh8+ Kd7 22. g5 c6 23. Bg4+ Kc7 24. Rg8 g6 25. Rf8 Bxg4 26. Rxa8 a6 27.
Rf8 Be6 28. b3 c5 29. Kc1 Kc6 30. Kd2 b6 31. a3 Kc7 32. Re8 Kb7 33. Re7+ Kb8 34.
f4 a5 35. f5 Bxf5 36. Rxf7 Be4 37. c4 Kc8 38. Rf4 1-0

[Event "22nd Abu Dhabi Masters"]
[Site "Abu Dhabi UAE"]
[Date "2015.08.30"]
[Round "8.34"]
[White "Fendereski,Nima"]
[Black "Nezad,H"]
[Result "0-1"]
[BlackTitle "IM"]
[WhiteElo "2268"]
[BlackElo "2404"]
[WhiteFideId "12533807"]
[BlackFideId "12100293"]
[EventDate "2015.08.23"]

1. e4 e5 2. Nf3 Nc6 3. Bb5 a6 4. Ba4 Nf6 5. Qe2 b5 6. Bb3 Bc5 7. O-O d6 8. c3
O-O 9. d3 h6 10. h3 Rb8 11. Re1 Nh5 12. Nxe5 Nxe5 13. d4 Qh4 14. dxc5 dxc5 15.
Bd1 Nf4 16. Bxf4 Qxf4 17. Bc2 Rd8 18. Rd1 Be6 19. Nd2 Bxh3 20. gxh3 Rxd2 21.
Rxd2 Nf3+ 22. Kg2 Qh2+ 0-1

[Event "22nd Abu Dhabi Masters"]
[Site "Abu Dhabi UAE"]
[Date "2015.08.30"]
[Round "8.35"]
[White "Raetsky,A"]
[Black "Kryvoruchko,Vita"]
[Result "1-0"]
[WhiteTitle "GM"]
[BlackTitle "WGM"]
[WhiteElo "2402"]
[BlackElo "2210"]
[WhiteFideId "4103203"]
[BlackFideId "14108917"]
[EventDate "2015.08.23"]

1. Nf3 d5 2. c4 d4 3. b4 Bg4 4. Ne5 Bh5 5. g4 Bg6 6. Bg2 Nd7 7. Nxg6 hxg6 8.
Bxb7 Rb8 9. Bc6 Rxb4 10. Ba3 Rb6 11. Qa4 g5 12. Bc5 Rxc6 13. Qxc6 Rh6 14. Qa4 e5
15. Bxf8 Kxf8 16. d3 Ngf6 17. Nd2 Nxg4 18. Nf3 Nxf2 19. Kxf2 g4 20. Nd2 Qh4+ 21.
Kg1 g3 22. Qxd7 Qg5 23. Qc8+ Ke7 24. Qxc7+ Kf8 25. Qb8+ Ke7 26. Qxa7+ Ke6 27.
Qa6+ Kf5 28. Rf1+ Kg4 29. Qc8+ f5 30. Qxf5+ Qxf5 31. Rxf5 Kxf5 32. hxg3 1-0

[Event "22nd Abu Dhabi Masters"]
[Site "Abu Dhabi UAE"]
[Date "2015.08.30"]
[Round "8.36"]
[White "Abhishek,K"]
[Black "Ghorbani,H"]
[Result "1-0"]
[WhiteElo "2400"]
[BlackElo "2084"]
[WhiteFideId "5019257"]
[BlackFideId "12502910"]
[EventDate "2015.08.23"]

1. Nf3 d5 2. d4 Nf6 3. c4 c6 4. e3 e6 5. b3 Bd6 6. Bb2 O-O 7. Bd3 b6 8. Nbd2 Bb7
9. O-O c5 10. cxd5 exd5 11. Nh4 cxd4 12. Nf5 Nc6 13. Nxd4 Ne5 14. N2f3 Re8 15.
Nf5 Nxd3 16. Qxd3 Bf8 17. Qd4 Re4 18. Nh6+ gxh6 19. Qxf6 Qxf6 20. Bxf6 Ba3 21.
Bd4 Rc8 22. Rfd1 Re6 23. Ne5 h5 24. h4 f6 25. Nd3 Kf7 26. Nf4 Re4 27. f3 Ree8
28. Nxh5 Bc5 29. Rac1 a5 30. Kf2 Re6 31. Bxc5 bxc5 32. Nf4 Rd6 33. Rd2 Rd7 34.
e4 d4 35. Nd3 Rdc7 36. Rdc2 c4 37. Rxc4 Rxc4 38. Rxc4 Rxc4 39. bxc4 Ba6 40. Nb2
Ke6 41. Ke2 Kd6 42. Kd3 Kc5 43. a3 1-0

[Event "22nd Abu Dhabi Masters"]
[Site "Abu Dhabi UAE"]
[Date "2015.08.30"]
[Round "8.37"]
[White "Rohan,A"]
[Black "Muradli,Mahammad"]
[Result "1-0"]
[WhiteTitle "FM"]
[BlackTitle "CM"]
[WhiteElo "2389"]
[BlackElo "2027"]
[WhiteFideId "5090598"]
[BlackFideId "13409301"]
[EventDate "2015.08.23"]

1. Nf3 g6 2. g3 Bg7 3. Bg2 c5 4. c4 Nc6 5. Nc3 d6 6. O-O e6 7. d3 Nge7 8. Bg5 h6
9. Bd2 O-O 10. a3 b6 11. Rb1 Bb7 12. b4 Qd7 13. b5 Nd8 14. a4 a5 15. bxa6 Rxa6
16. Nb5 Ndc6 17. Bc3 e5 18. Nd2 Rfa8 19. Ra1 Nd8 20. Ne4 Nc8 21. Bb2 d5 22. Nec3
d4 23. Nd5 Ne6 24. Qb3 Ne7 25. Nbc7 Nxc7 26. Nxe7+ Qxe7 27. Bxb7 Qe6 28. Bxa6
Rxa6 29. Ra3 Ra5 30. Bc1 Na6 31. Bd2 Nb4 32. Raa1 Bf8 33. Rfe1 h5 34. e3 Qd7 35.
exd4 Qxd4 36. Bc3 Qxd3 37. Rad1 Qf3 38. Re3 Qc6 39. Rxe5 h4 40. Bb2 h3 41. f3
Ra8 42. Qc3 Na2 43. Qb3 Nb4 44. Re4 Bg7 45. Bxg7 Kxg7 46. Qc3+ Qf6 47. Qxf6+
Kxf6 48. Rf4+ Ke7 49. Re4+ Kf8 50. Rd7 Rxa4 51. Ree7 Ra1+ 52. Kf2 Ra2+ 53. Ke3
Ra3+ 54. Ke4 f6 55. Rf7+ Ke8 56. Rfe7+ Kf8 57. Rh7 Kg8 58. Rdg7+ Kf8 59. Rb7 Kg8
60. Rhc7 Ra8 61. Rg7+ Kh8 62. Rxg6 Re8+ 63. Kf5 Nc2 64. Rh6+ Kg8 1-0

[Event "22nd Abu Dhabi Masters"]
[Site "Abu Dhabi UAE"]
[Date "2015.08.30"]
[Round "8.38"]
[White "Patil,Pr2"]
[Black "Nuber,B"]
[Result "1/2-1/2"]
[BlackTitle "FM"]
[WhiteElo "2186"]
[BlackElo "2339"]
[WhiteFideId "5038758"]
[BlackFideId "24620289"]
[EventDate "2015.08.23"]

1. e4 e5 2. Nf3 Nc6 3. Bb5 a6 4. Ba4 Nf6 5. d3 b5 6. Bb3 Be7 7. O-O d6 8. a3 Bg4
9. c3 O-O 10. Nbd2 Na5 11. Bc2 c5 12. Re1 Qc7 13. Nf1 Rfe8 14. h3 Bc8 15. Ng3
Nc6 16. Be3 1/2-1/2

[Event "22nd Abu Dhabi Masters"]
[Site "Abu Dhabi UAE"]
[Date "2015.08.30"]
[Round "8.39"]
[White "Gevorgyan,D"]
[Black "Heydarli,K"]
[Result "1-0"]
[WhiteTitle "IM"]
[BlackTitle "IM"]
[WhiteElo "2374"]
[BlackElo "2256"]
[WhiteFideId "13303244"]
[BlackFideId "13404423"]
[EventDate "2015.08.23"]

1. e4 c5 2. Nf3 e6 3. d3 Nf6 4. Nbd2 Nc6 5. g3 d5 6. Bg2 Be7 7. O-O dxe4 8. dxe4
O-O 9. Re1 b6 10. Qe2 Bb7 11. c3 a5 12. a4 Ba6 13. Nc4 Nd7 14. Bf4 f6 15. Rad1
e5 16. Bc1 Qc7 17. h4 Rfd8 18. Bh3 Nf8 19. Nfd2 Qb7 20. Qf3 Bxc4 21. Nxc4 Rxd1
22. Rxd1 Rd8 23. Ne3 Rxd1+ 24. Qxd1 Bd8 25. Qd5+ Kh8 26. Nf5 Qc7 27. Nd6 h6 28.
h5 Kh7 29. Bf5+ g6 30. hxg6+ Nxg6 31. Bxg6+ Kxg6 32. Qg8+ Kh5 33. Qe8+ 1-0

[Event "22nd Abu Dhabi Masters"]
[Site "Abu Dhabi UAE"]
[Date "2015.08.30"]
[Round "8.40"]
[White "Kulkarni,R"]
[Black "Saleh,Nab"]
[Result "1-0"]
[BlackTitle "FM"]
[WhiteElo "2368"]
[BlackElo "2249"]
[WhiteFideId "5037077"]
[BlackFideId "9300139"]
[EventDate "2015.08.23"]

1. e4 Nf6 2. Nc3 d5 3. exd5 Nxd5 4. Nf3 Nxc3 5. bxc3 g6 6. Bc4 Bg7 7. d4 O-O 8.
O-O c5 9. dxc5 Qa5 10. Rb1 Qxc5 11. Qe2 b6 12. Ng5 Bd7 13. Nxf7 Rxf7 14. Bxf7+
Kxf7 15. Qf3+ Qf5 16. Qxa8 Bc6 17. Qxa7 Be5 18. Rb4 Bd6 19. Qxb6 Qd5 20. Rg4 Ke8 1-0

[Event "22nd Abu Dhabi Masters"]
[Site "Abu Dhabi UAE"]
[Date "2015.08.30"]
[Round "8.41"]
[White "Tissir,M"]
[Black "Marcos,M"]
[Result "1-0"]
[WhiteTitle "IM"]
[WhiteElo "2351"]
[BlackElo "2104"]
[WhiteFideId "9000240"]
[BlackFideId "5208840"]
[EventDate "2015.08.23"]

1. e4 e6 2. d4 d5 3. Nd2 Nf6 4. e5 Nfd7 5. Bd3 c5 6. c3 Nc6 7. Ne2 cxd4 8. cxd4
f6 9. exf6 Qxf6 10. Nf3 h6 11. O-O Bd6 12. Ng3 O-O 13. Bc2 Rd8 14. Re1 Nf8 15.
Ne5 Bd7 16. f4 Be8 17. Be3 Rac8 18. Rf1 Qh4 19. Rf2 Rc7 20. a3 Bxe5 21. fxe5 Rf7
22. Qd2 Rxf2 23. Bxf2 Qe7 24. Be3 Bg6 25. Rf1 Bxc2 26. Qxc2 Qe8 27. Qd2 Rd7 28.
b4 a6 29. Rf4 Qg6 30. Qd1 Rf7 31. Rg4 Qh7 32. h3 Kh8 33. Kh2 Nd7 34. Nh5 Qf5 35.
Rf4 Qg6 36. Rh4 Kg8 37. Rg4 Qh7 38. Qc1 Qf5 39. Ng3 Qd3 40. Bxh6 Nxd4 41. Qg5
Nf3+ 42. gxf3 Qc2+ 43. Kg1 Qd1+ 44. Nf1 Qxf3 45. Rf4 Qxf4 46. Qxf4 Rxf4 47. Bxf4
g5 48. Bg3 Kf7 49. Kf2 Nb6 50. Nd2 Kg6 51. Ke3 Kf5 52. Kd4 Na4 53. Nf1 Nb2 54.
Ne3+ Kg6 55. Be1 Kh5 56. Ng4 Nc4 57. a4 Kg6 58. Ne3 Nb6 59. a5 Nd7 60. Bg3 Kf7
61. Ng4 Kg6 62. Ne3 Kf7 63. Be1 Kg6 64. Bd2 Kh5 65. Nxd5 exd5 66. Kxd5 Kg6 67.
Kd6 Nb8 68. e6 Nc6 69. Bc3 1-0

[Event "22nd Abu Dhabi Masters"]
[Site "Abu Dhabi UAE"]
[Date "2015.08.30"]
[Round "8.42"]
[White "Soumya,Sw"]
[Black "Baltazar,D"]
[Result "1-0"]
[WhiteTitle "WGM"]
[WhiteElo "2325"]
[BlackElo "2071"]
[WhiteFideId "5016193"]
[BlackFideId "5202426"]
[EventDate "2015.08.23"]

1. e4 e5 2. Nf3 Nc6 3. Bb5 Nge7 4. Nc3 d6 5. d4 Bd7 6. O-O h6 7. Bc4 Ng6 8. h3
Be7 9. Ne2 O-O 10. c3 Bf6 11. Be3 Qe7 12. Ng3 Qd8 13. Re1 Kh7 14. Qd2 Qe8 15.
Nh2 Nce7 16. Ng4 Ng8 17. Nf5 Bxf5 18. exf5 Nh4 19. dxe5 dxe5 20. Qd5 h5 21.
Nxf6+ Nxf6 22. Qxb7 Nxf5 23. Bd3 e4 24. Bg5 Qd7 25. Bxe4 Nxe4 26. Qxe4 g6 27.
Rad1 Qb5 28. Rd5 Qxb2 29. Rxf5 gxf5 30. Qxf5+ Kg8 31. Bf6 Qd2 32. Re3 1-0

[Event "22nd Abu Dhabi Masters"]
[Site "Abu Dhabi UAE"]
[Date "2015.08.30"]
[Round "8.43"]
[White "Khouri,I"]
[Black "Firouzja,Alireza"]
[Result "0-1"]
[WhiteTitle "FM"]
[WhiteElo "2205"]
[BlackElo "2309"]
[WhiteFideId "9301526"]
[BlackFideId "12573981"]
[EventDate "2015.08.23"]

1. e4 c5 2. Nf3 d6 3. d4 cxd4 4. Nxd4 Nf6 5. Nc3 a6 6. h3 e6 7. g4 d5 8. exd5
Nxd5 9. Nde2 Bb4 10. Bg2 O-O 11. O-O Nxc3 12. Nxc3 Qc7 13. Qf3 Nd7 14. Bf4 Ne5
15. Qe4 Bd6 16. Rad1 Nf3+ 17. Bxf3 Bxf4 18. Rd4 Be5 19. Rc4 Qb8 20. Re1 f6 21.
Rd1 Ra7 22. a4 b6 23. Qe3 Raf7 24. Bg2 f5 25. gxf5 Rxf5 26. Ne4 Bb7 27. Rd7 Bd5
28. Rb4 Qe8 29. Ra7 Qg6 30. c4 Rxf2 0-1

[Event "22nd Abu Dhabi Masters"]
[Site "Abu Dhabi UAE"]
[Date "2015.08.30"]
[Round "8.44"]
[White "Mona,K"]
[Black "Hernandez,Alex"]
[Result "1-0"]
[WhiteTitle "WGM"]
[BlackTitle "FM"]
[WhiteElo "2184"]
[BlackElo "2302"]
[WhiteFideId "10605908"]
[BlackFideId "3900452"]
[EventDate "2015.08.23"]

1. d4 d5 2. Nf3 Nf6 3. e3 Bf5 4. c4 c6 5. Qb3 Qb6 6. Nc3 e6 7. c5 Qc7 8. Qd1
Nbd7 9. b4 e5 10. a4 Be7 11. Be2 O-O 12. b5 exd4 13. exd4 b6 14. cxb6 axb6 15.
O-O c5 16. dxc5 Nxc5 17. Nxd5 Nxd5 18. Qxd5 Be4 19. Qc4 Bf6 20. Ra3 Qb7 21. a5
Rfc8 22. a6 Qd7 23. Rd1 Qg4 24. Qa2 Qg6 25. Be3 Ne6 26. Bd3 Rd8 27. Qe2 Be7 28.
Bxe4 Qxe4 29. Raa1 Nf4 30. Qf1 Nd5 31. Rd4 Qe6 32. Re1 Qf5 33. Qd3 Nxe3 34. Qxe3
Bc5 35. Rxd8+ Rxd8 36. Qe8+ Rxe8 37. Rxe8+ Bf8 38. a7 1-0

[Event "22nd Abu Dhabi Masters"]
[Site "Abu Dhabi UAE"]
[Date "2015.08.30"]
[Round "8.45"]
[White "Yashas,D"]
[Black "Kowsarinia,A"]
[Result "1-0"]
[BlackTitle "FM"]
[WhiteElo "2135"]
[BlackElo "2332"]
[WhiteFideId "5030196"]
[BlackFideId "12500089"]
[EventDate "2015.08.23"]

1. e4 c5 2. Nf3 e6 3. b3 d6 4. Bb2 e5 5. Bc4 g6 6. O-O Bg7 7. Nc3 Nc6 8. h3 h6
9. Nd5 Nge7 10. c3 O-O 11. d4 exd4 12. cxd4 g5 13. Qd2 cxd4 14. Nxd4 Ne5 15. f4
Nxd5 16. Bxd5 gxf4 17. Rxf4 Bf6 18. Rff1 Kh7 19. Nf3 Qe7 20. Rad1 Rg8 21. Kh1
Rg7 22. Nxe5 dxe5 23. Qf2 Bh4 24. Qxf7 Qg5 25. Qf3 Bg3 26. Bc1 Bf4 27. Bxf4 exf4
28. Rd2 Bd7 29. Qxf4 Qe7 30. Qf6 Qb4 31. Qd4 Qe7 32. Rdf2 Qg5 33. e5 Bb5 34.
Qe4+ 1-0